| 000 | 00747nam a22002297a 4500 | ||
|---|---|---|---|
| 003 | NUST-PNEC | ||
| 005 | 20170116180725.0 | ||
| 008 | 141105b xxu||||| |||| 00| 0 eng d | ||
| 020 | _a8176492434 | ||
| 022 | _aB008AUMA1O | ||
| 040 | _cPNEC | ||
| 082 | _a001.42 BLA | ||
| 100 |
_9912 _aBlaxter, Loraine |
||
| 245 |
_aHow To Research _cLoraine Blaxter |
||
| 250 | _a2nd ed. | ||
| 260 |
_aNew Delhi : _bViva Boooks Pvt. Ltd., |
||
| 300 |
_a286 p. : _bill. ; _c23 cm. |
||
| 500 | _aIncludes Index | ||
| 650 | _xMIS, Computer | ||
| 856 | _uhttp://www.amazon.com/How-Research-2nd-Blaxter-Lorraine/dp/B008AUMA1O/ref=sr_1_fkmr0_1?s=books&ie=UTF8&qid=1415162959&sr=1-1-fkmr0&keywords=How+to+Research++BY+LORAINE+BLAXTER+2ND+ED | ||
| 942 |
_2ddc _cBK |
||
| 999 |
_c61583 _d61583 |
||